Statistics for Click to Translate - Norwegian

Click here to take the quiz!

General Stats

  • This quiz has been taken 2,597 times
  • The average score is 14 of 20

Answer Stats

HintAnswer% Correct
NorwayNorge
96%
ElevenElleve
92%
SchoolSkole
92%
DogHund
90%
ComputerDatamaskin
86%
KitchenKjøkken
86%
YearÅr
82%
AndOg
82%
StarStjerne
77%
ChairStol
77%
WomanKvinne
69%
WhyHvorfor
63%
MountainFjell
60%
BridgeBro
58%
EatSpise
58%
WoodTre
57%
PencilBlyant
51%
GardenHage
48%
HeavyTung
45%
BoyGutt
44%

Score Distribution

Percentile by Number Answered

Percent of People with Each Score

Your Score History

You have not taken this quiz